000 00456nam a2200193Ia 4500
003 OSt
005 20251212123613.0
008 250729s2004 xx 000 0 und d
040 _cAL
041 _aeng
082 _a020 PATC
100 _aBatra Preeti
_9227012
245 _aCataloguing in the library
260 _aNew Delhi
_c2004
300 _a212p
650 _aLibrary Science
_9227013
700 _aRao Digumurthi
_9227014
942 _2ddc
_cBED
999 _c237500
_d237500